000 00665nam a22002177a 4500
005 20241212123226.0
010 _aB-761445
020 _a9789388079280 vol. 1
_c230.00
035 _aB-761445
037 _bRainbow Books
082 _aS
245 _aRainbow Arabian Nights Tales of 25 Nights/
260 _aDelhi
_bRainbow Books
_c2022(repr.)
270 _aF-32, Street No.12, Parwana Road, Jagat Puri, New Delhi
_bNew Delhi
_e110051
300 _a72p.
_c28cm(Hb)
_bcol.ill
490 _a1-2(series)
700 _aAkankasha
_974952
700 _aAryan
_974953
942 _2ddc
_cCH
_mRAI
_hS
999 _c207635
_d207635